Die teuersten Fußballtransfers - Defensive Mittelfeldspieler - 2011-12 - Statistiken

Allgemein
  • Dieses Quiz wurde 22 mal gespielt
  • Das Durchschnittsergebnis liegt bei 3 aus 10
Antwortstatistiken
Ablöse (M €) Nationalität Abgebender Verein Aufnehmender Verein Spieler % Korrekt
10,00 Türkei Borussia Dortmund Real Madrid Nuri Şahin
89%
18,00 Schweiz / Türkei Udinese Calcio SSC Neapel Gökhan Inler
61%
11,50 Brasilien / Italien Inter Mailand Paris SG Thiago Motta
56%
9,00 Honduras Tottenham Stoke City Wilson Palacios
22%
9,00 Deutschland VfB Stuttgart VfL Wolfsburg Christian Träsch
17%
11,00 Frankreich Olympique Lyon Málaga CF Jérémy Toulalan
11%
6,00 Belgien Standard Lüttich FC Porto Steven Defour
11%
8,00 Frankreich / Mali Juventus Turin Paris SG Mohamed Sissoko
6%
6,00 Brasilien G. Bordeaux Al-Shabab Fernando
0%
8,00 Kanada / Niederlande RSC Mallorca FC Villarreal Jonathan de Guzmán
0%
Keine übereinstimmenden Quizze gefunden
Verteilung der Resultate
Anzahl Personen mit jedem Resultat
Perzentil nach korrekt beantworteten Fragen
Ihre Resultats-Entwicklung
Sie haben dieses Quiz noch nicht gespielt